Normal view
MARC view
- Monty J.Strauss,Gerald L.Bradley,KarlJ.Smith
Entry Personal Name
001 - CONTROL NUMBER
- control field: 55015
003 - CONTROL NUMBER IDENTIFIER
- control field: NUST
005 - DATE AND TIME OF LATEST TRANSACTION
- control field: 20210421120122.0
008 - FIXED-LENGTH DATA ELEMENTS
- fixed length control field: 210421|| aca||aabn | a|a d
040 ## - CATALOGING SOURCE
- Original cataloging agency: NUST
- Transcribing agency: NUST
100 ## - HEADING--PERSONAL NAME
- Personal name: Monty J.Strauss,Gerald L.Bradley,KarlJ.Smith
670 ## - SOURCE DATA FOUND
- Source citation: Work cat.: (NUST): Monty J.Strauss,Gerald L.Bradley,KarlJ.Smith, Calculus 3rded.
